000 01313cas a2200433 4500
005 20260322212017.0
008 data
010 _a 71613011
012 _a33-7-0311211941-p-8601 1
020 _a1400012988
020 _a9781400012985
022 _a0071-6413
040 _aDLC
_cCtY
_dOCoLC
_dNSDP
_dMnMULS
_dDLC
_dNST
_dOCoLC
_dMnMULS
_dInU
_dOCoLC
_dNST
_dDLC
_dDNAL
_dNST
_dOCoLC
_dNST
_dMH
_dNST
_dDLC
_dNSDP
_dOCoLC
_dOCoLC
042 _alc
_alc
043 _ae-gr---
050 0 0 _aDF716
_b.G742
070 0 _aDF716.F6
072 0 _aX800
082 _a914.95/04/7
092 _a914.95 G742 2004
222 0 _aFodor's Greece
245 1 0 _aFodor's Greece.
_cEugene Fodor & William Curtis.
250 _a6th edition
260 _aNew York,
_bFodor's Travel Publications,
_cc2004.
300 _a563 p.
_bill. (part col.), maps (part col.)
_c19 cm.
310 _aAnnual
362 0 _a1969-
490 0 _aFodor's modern guides
500 _aEditors: 1969- E. Fodor and W. Curtis.
504 _aIncludes index.
590 _aSERBIB/SERLOC merged record
592 _aACQN: aq 95014652
651 0 _aGreece
_vGuidebooks.
700 1 _aFodor, Eugene,
_d1905-
_eed.
700 1 _aCurtis, William,
_eed.
760 0 _tFodor's modern guides
780 0 2 _tGreece
_w(OCoLC)1413937
_w(OCoLC)1413937
001 data
999 _c374
_d374